|
|
|
|
| LEADER |
00636nab a2200193 i 4500 |
| 001 |
misc44019 |
| 005 |
20191106141138.0 |
| 008 |
180913s1994 hu o 0|| zxx d |
| 022 |
|
|
|a 1215-5233
|
| 040 |
|
|
|a SZTE Miscellanea Repozitórium
|b hun
|
| 041 |
|
|
|a zxx
|
| 100 |
1 |
|
|a Fűzfa Balázs
|
| 245 |
1 |
2 |
|a A megtalált bizonyosság
|h [elektronikus dokumentum] /
|c Fűzfa Balázs
|
| 260 |
|
|
|c 1994
|
| 300 |
|
|
|a 154
|
| 490 |
0 |
|
|a Iskolakultúra
|v 4 No. 1-2
|
| 695 |
|
|
|a Osztrák irodalom - memoár - könyvismertetés
|
| 700 |
0 |
1 |
|a Bernhard Thomas
|
| 856 |
4 |
0 |
|u http://misc.bibl.u-szeged.hu/44019/1/iskolakultura_1994_001_002_154.pdf
|z Dokumentum-elérés
|